LEADER 01065nam 2200361 4500 001 990000728440203316 035 $a0072844 035 $aUSA010072844 035 $a(ALEPH)000072844USA01 035 $a0072844 100 $a20011112d19..----km-y0ENGy0103----ba 101 $aita 102 $aIT 200 1 $aStoria della chiesa$fIsnard Wilhelm Frank$gtraduzione dal tedesco di Mariarosa Limiroli> 210 $aBrescia$cQueriana$d19.. 215 $av.$d24 cm 312 $aKirchengeschichte des Mittelalters 410 $12001 454 $12001$aKirchengeschichte des Mittelalters$937134 606 $aChiesa$xStoria 676 $a270 700 1$aFRANK,$bIsnard Wilhelm$0549613 702 1$aLIMIROLI,$bMariarosa 801 0$aIT$bsalbc$gISBD 912 $a990000728440203316 951 $aIII A 606$bLM$cIII A 959 $aBK 969 $aUMA 979 $aPATTY$b90$c20011112$lUSA01$h1018 979 $c20020403$lUSA01$h1721 979 $aPATRY$b90$c20040406$lUSA01$h1650 996 $aKirchengeschichte des Mittelalters$937134 997 $aUNISA LEADER 02803nam 2200613Ia 450 001 9910453340203321 005 20200520144314.0 010 $a1-280-83441-2 010 $a0-19-803111-4 035 $a(CKB)1000000000554130 035 $a(EBL)431047 035 $a(OCoLC)352887016 035 $a(SSID)ssj0000103328 035 $a(PQKBManifestationID)11128485 035 $a(PQKBTitleCode)TC0000103328 035 $a(PQKBWorkID)10060587 035 $a(PQKB)11426402 035 $a(MiAaPQ)EBC431047 035 $a(Au-PeEL)EBL431047 035 $a(CaPaEBR)ebr10269076 035 $a(CaONFJC)MIL83441 035 $a(EXLCZ)991000000000554130 100 $a19991019d2001 uy 0 101 0 $aeng 135 $aur|n|---||||| 181 $ctxt 182 $cc 183 $acr 200 14$aThe ancient quarrel between philosophy and poetry revisited$b[electronic resource] $ePlato and the Greek literary tradition /$fSusan B. Levin 210 $aOxford ;$aNew York $cOxford University Press$d2001 215 $a1 online resource (225 p.) 300 $aDescription based upon print version of record. 311 $a0-19-513606-3 320 $aIncludes bibliographical references (p. 173-187) and indexes. 327 $aCONTENTS; ABBREVIATIONS AND TEXTS; INTRODUCTION; 1. LITERARY ETYMOLOGY; 2. ETYMOLOGY AND THE CRATYLUS' SOURCES: AN INVESTIGATION OF THE LITERARY TRADITION'S IMPORTANCE; 3. THE STRUCTURE AND OUTCOME OF THE CRATYLUS' INQUIRY; 4. CONCEPTIONS OF APPROPRIATENESS: PLATO'S REVISION OF LITERARY USAGE IN THE PHAEDO AND REPUBLIC 5; 5. THE QUARREL BETWEEN PHILOSOPHY AND POETRY: A REEXAMINATION OF POETRY'S ROLE IN PLATO'S REPUBLIC; CONCLUSION; BIBLIOGRAPHY; GENERAL INDEX; INDEX LOCORUM 330 $aIn this study, Levin explores Plato's engagement with the Greek literary tradition in his treatment of key linguistic issues. This investigation, conjoined with a new interpretation of the Republic's familiar critique of poets, supports the view that Plato's work represents a valuable precedent for contemporary reflections on ways in which philosophy might benefit from appeals to literature. 606 $aGreek literature$xHistory and criticism$xTheory, etc 606 $aLanguage and languages$xPhilosophy 606 $aOnomastics 606 $aPoetics 608 $aElectronic books. 615 0$aGreek literature$xHistory and criticism$xTheory, etc. 615 0$aLanguage and languages$xPhilosophy. 615 0$aOnomastics. 615 0$aPoetics. 676 $a184 700 $aLevin$b Susan B.$f1961-$0773662 801 0$bMiAaPQ 801 1$bMiAaPQ 801 2$bMiAaPQ 906 $aBOOK 912 $a9910453340203321 996 $aThe ancient quarrel between philosophy and poetry revisited$92447028 997 $aUNINA LEADER 05980nam 2200565 450 001 9910808560303321 005 20230809231306.0 010 $a3-11-046045-9 024 7 $a10.1515/9783110461015 035 $a(CKB)4100000001502363 035 $a(MiAaPQ)EBC5156698 035 $a(DE-B1597)461750 035 $a(OCoLC)1020026114 035 $a(DE-B1597)9783110461015 035 $a(Au-PeEL)EBL5156698 035 $a(CaPaEBR)ebr11497564 035 $a(EXLCZ)994100000001502363 100 $a20180206h20172017 uy 0 101 0 $aeng 135 $aurcnu|||||||| 181 $2rdacontent 182 $2rdamedia 183 $2rdacarrier 200 00$aAesthetics of religion $ea connective concept /$fedited by Alexandra K. Grieser and Jay Johnston 210 1$aBerlin, [Germany] ;$aBoston, [Massachusetts] :$cDe Gruyter,$d2017. 210 4$d©2017 215 $a1 online resource (512 pages) 225 1 $aReligion and Reason ;$vBand 58 300 $aIncludes index. 311 $a3-11-045875-6 311 $a3-11-046101-3 327 $tFrontmatter -- $tForeword -- $tTable of Contents -- $tWhat is an Aesthetics of Religion? From the Senses to Meaning-and Back Again / $rGrieser, Alexandra / Johnston, Jay -- $tList of Figures -- $tPART I. Fields and Topics -- $tGrasping the Formless in Stones: The Petromorphic Gods of the Hindu Pañc?yatanap?j? / $rAktor, Mikael -- $tReligion, Literature, and the Aesthetics of Expressionism / $rHamilton, John T. / Renger, Almut-Barbara -- $tScreening the Father of Lights: Documentary Film and the Aesthetics of the Nonfictional in Contemporary Religion / $rHermann, Adrian -- $tThe Literary Aesthetics of Religious Narratives: Probing Literary-Aesthetic Form, Emotion, and Sensory Effects in Exodus 7-11 / $rFeldt, Laura -- $tPART II. History and Politics -- $tBelow the Horizon of Meaning: Figuration, Disfiguration, Transfiguration / $rLargier, Niklaus -- $tThe Performative Knowledge of Ecstasy: Jane E. Harrison's (1850-1928) Early Contestations of the Textual Paradigm in Religious Studies / $rBrunotte, Ulrike -- $tWhat Does a Reformed City Look Like? - Changes in Visible Religion During the Reformation in Bremen / $rAuffarth, Christoph -- $tStanding, Not Walking - The Hieratic as a Key Term of an Anthropologically Based Aesthetics of Religion / $rMohr, Hubert -- $tPART III. Comparison and Transfer -- $tBlue Brains: Aesthetic Ideologies and the Formation of Knowledge Between Religion and Science / $rGrieser, Alexandra -- $tAesthetic Dimensions and Transformative Dynamics of Mimetic Acts: The Veneration of Habib-i Neccar Among Muslims and Christians in Antakya, Turkey / $rKreinath, Jens -- $tAestheticisation and the Production of (Religious) Space in Chennai / $rSva?ek, Maru?ka -- $tMoving Religion by Sound: On the Effectiveness of the N?da-Brahman in India and Modern Europe / $rWilke, Annette -- $tPART IV. Concepts and Theories -- $tEsoteric Aesthetics: The Spiritual Matter of Intersubjective Encounter / $rJohnston, Jay -- $tAesthetics of Immersion: Collective Effervescence, Bodily Synchronisation and the Sensory Navigation of the Sacred / $rSchüler, Sebastian -- $tThe Governance of Aesthetic Subjects Through Body Knowledge and Affect Economies. A Cognitive-Aesthetic Approach / $rKoch, Anne -- $tReligion in the Flesh: Non-Reductive Materialism and the Ecological Aesthetics of Religion / $rVásquez, Manuel A. -- $tPART V. In Conversation: Essays About the Connectivity of an Aesthetics of Religion -- $tSubjects and Sense-Making / $rCummins, Fred -- $tConsumer Culture and the Sensory Remodelling of Religion / $rGauthier, François -- $tSocial Aesthetics, Atmosphere and Proprioception / $rHeidemann, Frank -- $tSemiotics and Aesthetics: Historical and Structural Connections / $rYelle, Robert -- $tThe Artificiality of Aesthetics: Making Connections on the Erie Canal / $rPlate, S. Brent -- $tAuthors Biographies -- $tIndex 330 $aThis volume is the first English language presentation of the innovative approaches developed in the aesthetics of religion. The chapters present diverse material and detailed analysis on descriptive, methodological and theoretical concepts that together explore the potential of an aesthetic approach for investigating religion as a sensory and mediated practice. In dialogue with, yet different from, other major movements in the field (material culture, anthropology of the senses, for instance), it is the specific intent of this approach to create a framework for understanding the interplay between sensory, cognitive and socio-cultural aspects of world-construction. The volume demonstrates that aesthetics, as a theory of sensory knowledge, offers an elaborate repertoire of concepts that can help to understand religious traditions. These approaches take into account contemporary developments in scientific theories of perception, neuro-aesthetics and cultural studies, highlighting the socio-cultural and political context informing how humans perceive themselves and the world around them. Developing since the 1990s, the aesthetic approach has responded to debates in the study of religion, in particular striving to overcome biased categories that confined religion either to texts and abstract beliefs, or to an indisputable sui generis mode of experience. This volume documents what has been achieved to date, its significance for the study of religion and for interdisciplinary scholarship. 410 0$aReligion and reason ;$vBand 58. 606 $aReligion and civil society 610 $aAesthetics. 610 $aPerception. 610 $aSenses. 610 $aTheory of Religion. 615 0$aReligion and civil society. 676 $a294.337 702 $aJohnston$b Jay 702 $aGrieser$b Alexandra K. 801 0$bMiAaPQ 801 1$bMiAaPQ 801 2$bMiAaPQ 906 $aBOOK 912 $a9910808560303321 996 $aAesthetics of religion$94099269 997 $aUNINA LEADER 00695nas 2200229zu 450 001 9911056429303321 005 20260125155828.0 011 $a2715-985X 035 $a(CKB)45007850400041 035 $a(EXLCZ)9945007850400041 100 $a20260125cuuuuuuuu || | 101 0 $aeng 135 $aur||||||||||| 200 00$aIndonesian Journal of Education and Mathematical Science 210 $aIndonesia: $cUniversitas Muhammadiyah Sumatera Utara 610 0$amathematics education 610 0$aapplied mathematics 610 0$ageneral education 906 $aJOURNAL 912 $a9911056429303321 996 $aIndonesian Journal of Education and Mathematical Science$94530419 997 $aUNINA